Statistics for Guess The Brand Logo #1

Click here to take the quiz!

General Stats

  • This quiz has been taken 311 times
  • The average score is 11 of 16

Answer Stats

Answer% Correct
Coca Cola
95%
Doritos
84%
Dove
83%
KFC
83%
Instagram
82%
Lays
82%
McDonalds
82%
Subway
82%
Gmail
80%
Chick-fil-A
68%
Mastercard
67%
Nickelodeon
67%
Nerf
65%
JetPunk
62%
CBS
33%
Barclays
26%

Score Distribution

Percentile by Number Answered

Percent of People with Each Score

Your Score History

You have not taken this quiz